[Event "ZMDI Open 2014"]
[Site "Dresden GER"]
[Date "2014.08.23"]
[Round "9.30"]
[White "Wilhelm, Till"]
[Black "Hansch, Karsten"]
[Result "1/2-1/2"]
[WhiteElo "2013"]
[BlackElo "2181"]
[WhiteFideId "12942391"]
[BlackFideId "24692239"]
[EventDate "2014.08.15"]

1. d4 Nf6 2. Nf3 c5 3. d5 b5 4. c4 Bb7 5. a4 bxc4 6. Nc3 g6 7. e4 d6 8. Nd2 Bg7
9. Be2 O-O 10. O-O Nbd7 11. Nxc4 Ba6 12. Na3 Bxe2 13. Qxe2 Rb8 14. Nc4 Rb4 15.
Ra2 Qc8 16. Na5 Nb8 17. Bd2 Qa6 18. Qxa6 Nxa6 19. f3 Rd4 20. Nb1 Nb4 21. Ra3 Nd7
22. Bc3 Nc2 23. Ra2 Nb4 24. Ra3 Nc2 25. Ra2 Nb4 26. Ra3 Nc2 27. Ra2 1/2-1/2

[Event "ZMDI Open 2014"]
[Site "Dresden GER"]
[Date "2014.08.23"]
[Round "9.31"]
[White "Hocke, Sebastian"]
[Black "Bohn, Ulrich"]
[Result "0-1"]
[WhiteElo "2000"]
[BlackElo "2167"]
[WhiteFideId "24678724"]
[BlackFideId "4656105"]
[EventDate "2014.08.15"]

1. e4 g6 2. Nc3 Bg7 3. d4 d6 4. Be3 a6 5. Qd2 b5 6. h4 h5 7. Nh3 Bb7 8. Ng5 Nd7
9. f3 Rc8 10. Bd3 c5 11. d5 b4 12. Nd1 c4 13. Bf1 c3 14. bxc3 bxc3 15. Qf2 Qa5
16. Bd4 Bxd4 17. Qxd4 Ngf6 18. Be2 O-O 19. O-O Ba8 20. f4 Rb8 21. Qxc3 Qxc3 22.
Nxc3 Rfc8 23. Rf3 Nc5 24. a3 Rb2 25. Rc1 e6 26. dxe6 fxe6 27. Bc4 d5 28. exd5
exd5 29. Nd1 Rb6 30. Ba2 Kg7 31. Rc3 d4 32. Ne6+ Rxe6 33. Bxe6 Rc6 34. Rc4 Nxe6
35. Rxc6 Bxc6 36. g3 Ne4 37. Kh2 Nd2 38. Nf2 Nc5 39. Rd1 Nf3+ 40. Kh3 Kf6 41. c3
d3 42. Nxd3 Bd7+ 43. Kg2 0-1

[Event "ZMDI Open 2014"]
[Site "Dresden GER"]
[Date "2014.08.23"]
[Round "9.32"]
[White "Renger, Niklas"]
[Black "Hart, Martin"]
[Result "1-0"]
[WhiteElo "1821"]
[BlackElo "2155"]
[WhiteFideId "12908096"]
[BlackFideId "1005944"]
[EventDate "2014.08.15"]

1. e4 Nf6 2. e5 Nd5 3. c4 Nb6 4. d4 d6 5. exd6 cxd6 6. Nc3 g6 7. Be3 Bg7 8. Rc1
O-O 9. b3 Nc6 10. d5 Ne5 11. Be2 h5 12. f4 Ng4 13. Bxg4 Bxg4 14. Nge2 e6 15.
dxe6 fxe6 16. O-O d5 17. c5 Nd7 18. h3 Bxe2 19. Nxe2 Qa5 20. Qc2 Kh7 21. Nd4
Rfe8 22. c6 bxc6 23. Qxc6 Nf8 24. Qb7 Rab8 25. Qf7 Rbc8 26. f5 exf5 27. Nxf5
gxf5 28. Rxc8 Rxe3 29. Qxf5+ Ng6 30. Qxh5+ Bh6 31. Rf7# 1-0

[Event "ZMDI Open 2014"]
[Site "Dresden GER"]
[Date "2014.08.23"]
[Round "9.33"]
[White "Schulz, Petra"]
[Black "Peredy, Ferenc"]
[Result "1/2-1/2"]
[WhiteTitle "WFM"]
[BlackTitle "IM"]
[WhiteElo "2098"]
[BlackElo "2210"]
[WhiteFideId "4612663"]
[BlackFideId "705985"]
[EventDate "2014.08.15"]

1. e4 c5 2. Nf3 g6 3. c4 Bg7 4. d4 cxd4 5. Nxd4 Nc6 6. Be3 d6 7. Nc3 Nf6 8. f3
Bd7 9. Qd2 Rc8 10. Rc1 Ne5 11. b3 O-O 12. Be2 b6 13. O-O Re8 14. Rcd1 a6 15. h3
Nc6 16. f4 Nxd4 17. Qxd4 Nxe4 18. Qxe4 Bxc3 19. Qb7 Rb8 20. Qxa6 Qc7 21. Bf3 Bb4
22. Rf2 e5 23. Bd5 exf4 24. Bd4 g5 25. h4 Bg4 26. Bf3 Bxf3 27. Rxf3 Re4 28. Qb5
Bc5 29. Bxc5 bxc5 30. Qa6 g4 31. Rfd3 Qe7 32. Qxd6 Re1+ 33. Rxe1 Qxe1+ 34. Kh2 1/2-1/2

[Event "ZMDI Open 2014"]
[Site "Dresden GER"]
[Date "2014.08.23"]
[Round "9.35"]
[White "Schnoor, Ekkehard"]
[Black "Bassetti, Danilo"]
[Result "0-1"]
[WhiteElo "2165"]
[BlackElo "1965"]
[WhiteFideId "24639753"]
[BlackFideId "876623"]
[EventDate "2014.08.15"]

1. e4 e5 2. Nf3 Nc6 3. Bb5 a6 4. Ba4 Nf6 5. d3 b5 6. Bb3 Be7 7. O-O O-O 8. Re1
d6 9. c3 Na5 10. Bc2 c5 11. Nbd2 Re8 12. Nf1 Bf8 13. h3 g6 14. Bg5 h6 15. Bxf6
Qxf6 16. Ne3 Bg7 17. Nd5 Qd8 18. b4 Nc6 19. a4 Bb7 20. Bb3 cxb4 21. axb5 axb5
22. cxb4 Ne7 23. Rxa8 Bxa8 24. Nc3 Qb6 25. Qd2 Bc6 26. Ra1 Rc8 27. Ra5 Be8 28.
Nd5 Nxd5 29. Bxd5 Kh7 30. Qa2 f5 31. Ra6 Qc7 32. exf5 Qc1+ 33. Kh2 Rc2 34. fxg6+
Bxg6 35. Bg8+ Kh8 36. Qd5 Qf4+ 37. g3 Rxf2+ 0-1

[Event "ZMDI Open 2014"]
[Site "Dresden GER"]
[Date "2014.08.23"]
[Round "9.36"]
[White "Viebahn, Dirk"]
[Black "Herbrig, Alexander"]
[Result "1-0"]
[WhiteElo "2163"]
[BlackElo "1880"]
[WhiteFideId "4660790"]
[BlackFideId "12952044"]
[EventDate "2014.08.15"]

1. e4 c5 2. Nf3 e6 3. c4 Nc6 4. Nc3 e5 5. d3 g6 6. Be2 Bg7 7. O-O Nge7 8. Ne1
O-O 9. f4 d6 10. fxe5 Nxe5 11. Be3 N5c6 12. Qd2 Nd4 13. Bh6 a6 14. Bxg7 Kxg7 15.
Nf3 Nec6 16. Rf2 b5 17. Raf1 Ra7 18. Nxd4 Nxd4 19. Nd5 bxc4 20. dxc4 Qe8 21. Bd3
Qe5 22. Nf4 Re7 23. Bb1 Bb7 24. Nd3 Qe6 25. Nf4 Qe5 26. Nd3 Qe6 27. Rf6 Qxe4 28.
Nf4 Qe5 29. Bxg6 hxg6 30. Nxg6 Qxf6 31. Rxf6 Kxf6 32. Nxf8 Kg7 33. Qg5+ Kxf8 34.
Qh6+ Kg8 35. Qg5+ Kf8 36. Qh6+ Ke8 37. g4 Re2 38. Qxd6 Bg2 39. Qb8+ Kd7 40. Qa7+
Ke8 41. Qb8+ Ke7 42. Qc7+ Kf6 43. Qd8+ Ke5 44. Qe7+ Kf4 45. Qxf7+ Ke3 46. Qe7+
Kd2 47. Qxe2+ Nxe2+ 48. Kxg2 Ke3 49. h4 Kf4 50. Kf2 Nd4 51. h5 Kg5 52. Ke3 Kxg4
53. Ke4 Kxh5 54. Kd5 Kg6 55. Kxc5 Nf5 56. Kb6 Kf6 57. Kxa6 Ke6 58. Kb6 Kd7 59.
b4 Kc8 60. a4 Kb8 61. c5 Ne7 62. b5 Nd5+ 63. Kc6 Nb4+ 64. Kd6 Kb7 65. a5 Kb8 66.
c6 Kc8 67. b6 Na6 68. Kd5 Nb4+ 69. Kc5 Nd3+ 70. Kb5 Kb8 71. a6 Nc5 72. Kxc5 Ka8
73. Kd6 1-0

[Event "ZMDI Open 2014"]
[Site "Dresden GER"]
[Date "2014.08.23"]
[Round "9.37"]
[White "Hansch, Stephan"]
[Black "Knaak, Joachim"]
[Result "1/2-1/2"]
[WhiteElo "2044"]
[BlackElo "2150"]
[WhiteFideId "24692514"]
[BlackFideId "12921009"]
[EventDate "2014.08.15"]

1. d4 d5 2. c4 c6 3. Nf3 Nf6 4. e3 e6 5. b3 Nbd7 6. Bd3 Bd6 7. Bb2 O-O 8. O-O
Qe7 9. Ne5 dxc4 10. bxc4 c5 11. Nd2 Rd8 12. Qc2 Nf8 13. Ne4 Nxe4 14. Bxe4 Qc7
15. f4 Rb8 16. a4 f6 17. Nd3 b6 18. dxc5 1/2-1/2

[Event "ZMDI Open 2014"]
[Site "Dresden GER"]
[Date "2014.08.23"]
[Round "9.38"]
[White "De Andres Gonalons, Fernando"]
[Black "Friedel, Marcus"]
[Result "1/2-1/2"]
[WhiteElo "2013"]
[BlackElo "2148"]
[WhiteFideId "2221896"]
[BlackFideId "4688708"]
[EventDate "2014.08.15"]

1. d4 Nf6 2. c4 c5 3. d5 e6 4. Nc3 exd5 5. cxd5 d6 6. Nf3 g6 7. g3 Bg7 8. Bg2
O-O 9. O-O a6 10. a4 Nbd7 11. Bf4 Qc7 12. Rc1 Nh5 13. Bd2 Rb8 14. Re1 b5 15.
axb5 axb5 16. b3 Re8 17. h3 b4 18. Na4 Ne5 19. Nxe5 Bxe5 20. Rc2 Qe7 21. Bc1 Bd7
22. Nb2 Bb5 23. Nc4 Bc3 24. Bd2 Bxc4 25. bxc4 Bf6 26. Rc1 Qe5 27. e3 Ra8 28. g4
Ng7 29. f4 Qb2 30. Rb1 Qa2 31. Bf1 h6 32. Bd3 Qa4 33. Bc2 Qd7 34. Bb3 Bh4 35.
Rf1 f5 36. Qf3 Bf6 37. Rfe1 Ra3 38. Bc1 Ra1 39. Bb2 Bxb2 40. Rxa1 Bxa1 41. Rxa1 1/2-1/2

[Event "ZMDI Open 2014"]
[Site "Dresden GER"]
[Date "2014.08.23"]
[Round "9.39"]
[White "Bade, Hans-Juergen"]
[Black "Lipinsky, Markus"]
[Result "0-1"]
[WhiteElo "2028"]
[BlackElo "2142"]
[WhiteFideId "24662054"]
[BlackFideId "4639820"]
[EventDate "2014.08.15"]

1. e4 c5 2. Nc3 d6 3. f4 Nc6 4. Nf3 g6 5. Bb5 Bd7 6. d4 cxd4 7. Nxd4 Bg7 8. Be3
Nf6 9. Nxc6 bxc6 10. Bd3 Ng4 11. Bg1 Qa5 12. Qd2 Rb8 13. Nd1 Qc7 14. h3 Nf6 15.
Bd4 c5 16. Bc3 c4 17. e5 Nh5 18. exd6 exd6 19. Bxg7 Nxg7 20. Qc3 O-O 21. Bxc4
Rfe8+ 22. Kd2 d5 23. Bxd5 Qxf4+ 24. Ne3 Qf2+ 25. Kd1 Rxe3 26. Qc4 Rc8 27. Bxf7+
Qxf7 28. Qxf7+ Kxf7 29. Rf1+ Kg8 30. a4 Nf5 31. c3 Ng3 32. Rg1 Bf5 0-1

[Event "ZMDI Open 2014"]
[Site "Dresden GER"]
[Date "2014.08.23"]
[Round "9.40"]
[White "Hahn, Florian"]
[Black "ter Steeg, Marcus"]
[Result "1-0"]
[WhiteElo "2133"]
[BlackElo "1977"]
[WhiteFideId "24659720"]
[BlackFideId "24676799"]
[EventDate "2014.08.15"]

1. Nf3 c5 2. c4 Nc6 3. Nc3 e5 4. e3 Nf6 5. a3 d6 6. d4 cxd4 7. exd4 e4 8. Ng5
Bf5 9. d5 Nb8 10. Qc2 Qe7 11. Qa4+ Qd7 12. Qxd7+ Nbxd7 13. Nb5 h6 14. Nh3 Kd8
15. Nf4 g5 16. Ne2 Nc5 17. Ned4 Bg6 18. b4 Na4 19. Nb3 a6 20. N5d4 Rc8 21. Be3
Nb2 22. Na5 Rc7 23. b5 axb5 24. Nxb5 Nd3+ 25. Bxd3 exd3 26. Bb6 Ne8 27. Nxc7
Nxc7 28. Bd4 Rg8 29. Nxb7+ Kc8 30. Na5 g4 31. Nc6 h5 32. Kd2 Kd7 33. Rab1 Bh6+
34. Be3 Bxe3+ 35. fxe3 Ra8 36. Rb3 Na6 37. Rb7+ Kc8 38. Re7 Nc7 39. Rb1 h4 40.
e4 h3 41. gxh3 gxh3 42. a4 f5 43. exf5 Bxf5 44. Rf1 1-0

[Event "ZMDI Open 2014"]
[Site "Dresden GER"]
[Date "2014.08.23"]
[Round "9.41"]
[White "Martinsen, Stig K"]
[Black "Otikova, Elina"]
[Result "1-0"]
[WhiteElo "2105"]
[BlackElo "1928"]
[WhiteFideId "1502824"]
[BlackFideId "11603550"]
[EventDate "2014.08.15"]

1. d4 d5 2. c4 e6 3. Nc3 Nf6 4. cxd5 exd5 5. Bg5 Bb4 6. e3 h6 7. Bh4 O-O 8. Bd3
Re8 9. Ne2 c6 10. Qc2 Qd6 11. O-O Bxc3 12. Nxc3 Nbd7 13. Rfe1 Nf8 14. Rab1 a5
15. a3 N8d7 16. Bg3 Qe7 17. f3 Qd8 18. Rbd1 Nb6 19. Nb5 Re7 20. Nd6 Nh5 21. Nxc8
Nxc8 22. Bh4 g5 23. Bf2 Nd6 24. h4 Qd7 25. hxg5 hxg5 26. g4 Nf6 27. Bg3 Kg7 28.
Kf2 Ng8 29. Rh1 Kf8 30. Qc5 Ne8 31. Bf5 Qd8 32. Rh8 a4 33. Rdh1 Ra5 34. Qc2 Rb5
35. Bh7 Nf6 36. Bxg8 Qb6 37. b4 axb3 38. Qf5 Qa5 39. Bxf7+ 1-0

[Event "ZMDI Open 2014"]
[Site "Dresden GER"]
[Date "2014.08.23"]
[Round "9.42"]
[White "Ivanov, Alexander"]
[Black "Schoenwaelder, Bernd"]
[Result "1/2-1/2"]
[WhiteElo "1951"]
[BlackElo "2101"]
[WhiteFideId "1270683"]
[BlackFideId "24601322"]
[EventDate "2014.08.15"]

1. e4 e6 2. d4 b6 3. Nf3 Bb7 4. Bd3 Nf6 5. e5 Ne4 6. O-O Be7 7. c4 f5 8. exf6
Nxf6 9. Nc3 O-O 10. Qe2 Nc6 11. b3 Qe8 12. Bb2 Qh5 13. Rae1 Nb4 14. Nd2 Qxe2 15.
Bxe2 Nc2 16. Rd1 Nxd4 17. Bd3 e5 18. Rfe1 d6 19. Nde4 Ne6 20. Bc2 Nxe4 21. Nxe4
Rae8 22. f3 Bh4 23. Rf1 Bg5 24. Rfe1 Bh4 25. Rf1 Bd8 26. Rfe1 Nf4 27. b4 Bf6 28.
Bb3 Kh8 29. c5 d5 30. Nxf6 gxf6 31. g3 Ne6 32. Bxd5 Bxd5 33. Rxd5 bxc5 34. bxc5
Rd8 1/2-1/2

[Event "ZMDI Open 2014"]
[Site "Dresden GER"]
[Date "2014.08.23"]
[Round "9.43"]
[White "Hoffmann, Tim2"]
[Black "Hansch, Torsten"]
[Result "1/2-1/2"]
[BlackTitle "CM"]
[WhiteElo "1961"]
[BlackElo "2117"]
[WhiteFideId "12900338"]
[BlackFideId "4622600"]
[EventDate "2014.08.15"]

1. e4 c5 2. Nf3 d6 3. d4 cxd4 4. Nxd4 Nf6 5. Nc3 a6 6. Bg5 e6 7. f4 Be7 8. Qf3
Qc7 9. O-O-O Nbd7 10. g4 b5 11. Bxf6 Nxf6 12. g5 Nd7 13. f5 Bxg5+ 14. Kb1 O-O
15. fxe6 Nb6 16. Qg3 Bf6 17. Bh3 Be5 18. Qd3 fxe6 19. Bxe6+ Kh8 20. Nd5 Nxd5 21.
Bxd5 Rb8 22. Nc6 Rb6 23. Rhf1 Bf6 24. Nd4 Bg4 25. Rd2 Rbb8 26. Rdf2 Rbe8 27. h3
Bd7 28. h4 Qc8 29. h5 h6 30. Nf5 Bxf5 31. Rxf5 Re5 32. Qf3 Rxf5 33. Qxf5 1/2-1/2

[Event "ZMDI Open 2014"]
[Site "Dresden GER"]
[Date "2014.08.23"]
[Round "9.44"]
[White "Urban, Konstantin"]
[Black "Rudolf, Thomas"]
[Result "1-0"]
[WhiteElo "1931"]
[BlackElo "2080"]
[WhiteFideId "12927511"]
[BlackFideId "24674559"]
[EventDate "2014.08.15"]

1. e4 c6 2. d4 d5 3. Nd2 dxe4 4. Nxe4 Bf5 5. Ng3 Bg6 6. h4 h6 7. Nh3 Nf6 8. Nf4
Bh7 9. Be3 e6 10. Bd3 Bxd3 11. Qxd3 Bd6 12. O-O-O Nbd7 13. Bd2 Qc7 14. Qf3 O-O-O
15. Nfh5 Nxh5 16. Nxh5 g6 17. Ng3 f5 18. Qb3 Rde8 19. Rhe1 Bxg3 20. fxg3 Qd6 21.
Bf4 Qd5 22. Qa4 g5 23. hxg5 hxg5 24. Bxg5 a6 25. Bf4 Nb6 26. Qb4 Nc4 27. b3 Na5
28. c4 1-0

[Event "ZMDI Open 2014"]
[Site "Dresden GER"]
[Date "2014.08.23"]
[Round "9.45"]
[White "Weber, Benedikt"]
[Black "Hamm, Georg"]
[Result "1/2-1/2"]
[WhiteElo "1947"]
[BlackElo "2139"]
[WhiteFideId "12934976"]
[BlackFideId "4698460"]
[EventDate "2014.08.15"]

1. e4 b6 2. d4 Bb7 3. Nc3 g6 4. Nf3 Bg7 5. Bc4 d6 6. O-O e6 7. Bg5 Ne7 8. Qe2
Nd7 9. Rad1 h6 10. Bf4 O-O 11. Rfe1 Nf6 12. Qe3 Kh7 13. Bd3 Nh5 14. e5 Nf5 15.
Bxf5 gxf5 16. Ne2 Rg8 17. Ng3 Nxg3 18. hxg3 Bxf3 19. Qxf3 d5 20. Qh5 Qe7 21. Re3
Bf8 22. b3 Rg6 23. c4 Rd8 24. Red3 Qb4 25. Bd2 Qa3 26. Ra1 dxc4 27. Bc1 Qb4 28.
Bd2 Qa3 29. Bc1 Qa6 30. Rc3 Rxd4 31. Be3 Rd7 32. Rxc4 c5 33. a4 Qb7 34. g4 fxg4
35. Rxg4 Rxg4 36. Qxg4 Qd5 37. Rc1 Qxe5 38. Rc4 Rd5 39. Qf3 Qf5 40. Bf4 Rd4 41.
Rxd4 cxd4 42. Qg3 Bg7 43. Qh4 e5 44. Bd2 Qb1+ 45. Kh2 Qc2 46. Bb4 e4 47. Qh5
Qc7+ 48. g3 Qd7 49. Bd2 Qe6 50. Qb5 e3 51. fxe3 Qe4 52. Qc4 Qf3 53. Qc2+ f5 54.
exd4 Qe2+ 55. Kh3 Qf1+ 56. Kh2 Qf2+ 57. Kh3 Bxd4 58. Qc7+ Kg6 59. Qc6+ 1/2-1/2

[Event "ZMDI Open 2014"]
[Site "Dresden GER"]
[Date "2014.08.23"]
[Round "9.46"]
[White "Gungl, Theo"]
[Black "Mokal, Amruta Sunil"]
[Result "1-0"]
[WhiteElo "2054"]
[BlackElo "2056"]
[WhiteFideId "24695653"]
[BlackFideId "5016371"]
[EventDate "2014.08.15"]

1. e4 c5 2. Nf3 e6 3. d4 cxd4 4. Nxd4 a6 5. Nc3 Qc7 6. Bd3 Nf6 7. O-O Nc6 8.
Nxc6 bxc6 9. Bg5 Be7 10. Qe2 d5 11. e5 Nd7 12. Bxe7 Kxe7 13. Rae1 c5 14. b3 Bb7
15. f4 g6 16. Nd1 Nb6 17. Nb2 d4 18. Nc4 Nd5 19. Qf2 h5 20. Qh4+ Kf8 21. Be4 Qe7
22. Qf2 Nc3 23. Bxb7 Qxb7 24. Nd6 Qc7 25. Qf3 Rd8 26. a4 h4 27. h3 Nd5 28. Rf2
Nc3 29. Kh2 Nd5 30. Rd2 Qa5 31. Qf2 Qc7 32. Kh1 Rh5 33. Re3 Kg7 34. Rf3 Rd7 35.
Ne8+ 1-0

[Event "ZMDI Open 2014"]
[Site "Dresden GER"]
[Date "2014.08.23"]
[Round "9.47"]
[White "Gaitzsch, Martin"]
[Black "Juergens, Klaus"]
[Result "0-1"]
[WhiteElo "2058"]
[BlackElo "2131"]
[WhiteFideId "24623202"]
[BlackFideId "4631714"]
[EventDate "2014.08.15"]

1. c4 g6 2. g3 Bg7 3. Bg2 Nf6 4. Nc3 O-O 5. e4 c5 6. Nge2 Nc6 7. O-O d6 8. d3 a6
9. h3 Rb8 10. a4 Ne8 11. Be3 Nc7 12. d4 cxd4 13. Nxd4 Nxd4 14. Bxd4 Bxd4 15.
Qxd4 Ne6 16. Qe3 a5 17. f4 Nc5 18. e5 Be6 19. Nd5 Bxd5 20. cxd5 Qb6 21. Rf2 Rbc8
22. Kh2 Qb4 23. exd6 exd6 24. f5 Nd7 25. f6 Kh8 26. Qh6 Rg8 27. Rf4 Qd2 28. Rd1
Qe3 29. Rd3 Qe5 30. Rdf3 Rc2 31. Rf2 Rxf2 32. Rxf2 Nxf6 33. Qd2 Nh5 34. Qd3 f5
35. Re2 Qf6 36. Re6 Qxb2 37. Rxd6 f4 38. g4 f3 39. Qxf3 Qe5+ 40. Kh1 Ng3+ 0-1

[Event "ZMDI Open 2014"]
[Site "Dresden GER"]
[Date "2014.08.23"]
[Round "9.49"]
[White "Jacob, Tobias"]
[Black "Eskandary, Jahja"]
[Result "0-1"]
[WhiteElo "1952"]
[BlackElo "2116"]
[WhiteFideId "12903221"]
[BlackFideId "4665708"]
[EventDate "2014.08.15"]

1. e4 e5 2. Nf3 Nc6 3. Nc3 Nf6 4. d4 exd4 5. Nxd4 Bc5 6. Nxc6 bxc6 7. Bd3 d6 8.
Bg5 Bd4 9. O-O Qe7 10. Bb5 cxb5 11. Qxd4 c6 12. Rad1 Ba6 13. Rfe1 O-O-O 14. b4
Rd7 15. a4 Qe5 16. Bxf6 gxf6 17. axb5 Bxb5 18. Nxb5 cxb5 19. Qe3 Qb2 20. Rb1 Qe5
21. Ra1 Qe7 22. Ra5 Rb7 23. Qd3 Qd7 24. c4 bxc4 25. Qxc4+ Kb8 26. Rea1 Rc8 27.
Qd4 Rbc7 28. h3 Rc1+ 29. Rxc1 Rxc1+ 30. Kh2 Qc7 31. Qd5 Rc6 32. b5 Rc5 33. b6
Qxb6 34. Rxc5 dxc5 35. Qxf7 Qc7+ 36. Qxc7+ Kxc7 37. Kg3 a5 38. f4 a4 39. e5 fxe5
40. f5 a3 41. f6 Kd7 0-1

[Event "ZMDI Open 2014"]
[Site "Dresden GER"]
[Date "2014.08.23"]
[Round "9.50"]
[White "Schwarz, Larissa"]
[Black "Mueller, Daniel"]
[Result "1/2-1/2"]
[WhiteElo "1933"]
[BlackElo "2087"]
[WhiteFideId "24699004"]
[BlackFideId "24612960"]
[EventDate "2014.08.15"]

1. e4 c5 2. Nf3 e6 3. d4 cxd4 4. Nxd4 a6 5. Nc3 Qc7 6. Be2 Nf6 7. O-O Bb4 8. Qd3
Nc6 9. Nxc6 bxc6 10. a3 Be7 11. Be3 O-O 12. Na4 Rb8 13. b4 d5 14. exd5 cxd5 15.
Nc5 a5 16. c3 Ra8 17. Nb3 a4 18. Nd4 Nd7 19. Nf3 Nb6 20. Qd4 Nd7 21. Bf4 Qb7 22.
Rac1 Bf6 23. Ne5 Nb6 24. Qe3 Be7 25. Nf3 f6 26. Nd2 e5 27. Bg3 Be6 28. f4 e4 29.
f5 Bf7 30. c4 dxc4 31. Nxc4 Nxc4 32. Bxc4 Bd8 33. Bf2 Re8 34. Bxf7+ Qxf7 35. Qd4
Bc7 36. Rfe1 Bf4 37. Rc5 Rad8 38. Qc4 Rd3 39. Qxe4 Rxe4 40. Rc8+ Re8 41. Rexe8+
Qxe8 42. Rxe8+ Kf7 43. Re4 Bc1 44. Bc5 g6 45. Re7+ Kg8 46. fxg6 hxg6 47. Ra7
Rxa3 48. b5 Rb3 49. b6 a3 50. b7 a2 51. Rxa2 1/2-1/2

[Event "ZMDI Open 2014"]
[Site "Dresden GER"]
[Date "2014.08.23"]
[Round "9.51"]
[White "Nguyen, Huy Dat"]
[Black "Pallas, Sebastian"]
[Result "1/2-1/2"]
[WhiteElo "1909"]
[BlackElo "2026"]
[WhiteFideId "12923486"]
[BlackFideId "12905453"]
[EventDate "2014.08.15"]

1. e4 c5 2. Nf3 d6 3. Bb5+ Nd7 4. c3 Nf6 5. Qe2 a6 6. Ba4 b5 7. Bc2 Bb7 8. O-O
Rc8 9. d3 e6 10. Rd1 Qc7 11. Nbd2 Be7 12. Nf1 d5 13. Ng3 c4 14. d4 dxe4 15. Nxe4
Bxe4 16. Bxe4 Nxe4 17. Qxe4 Nf6 18. Qe2 O-O 19. Bg5 Nd5 20. Bxe7 Qxe7 21. a3 Qc7
22. g3 Rb8 23. Re1 Rfc8 24. Ng5 Nf6 25. Ne4 Nxe4 1/2-1/2

[Event "ZMDI Open 2014"]
[Site "Dresden GER"]
[Date "2014.08.23"]
[Round "9.52"]
[White "Kleibaumhueter, Klaus"]
[Black "Naegele, Hans-Juergen"]
[Result "0-1"]
[WhiteElo "2066"]
[BlackElo "1901"]
[WhiteFideId "4626540"]
[BlackFideId "24655457"]
[EventDate "2014.08.15"]

1. Nf3 g6 2. g3 Bg7 3. Bg2 d6 4. O-O f5 5. d4 Nf6 6. c4 O-O 7. Nc3 h6 8. b3 Nbd7
9. Qc2 c6 10. Bb2 e5 11. dxe5 dxe5 12. e4 f4 13. gxf4 Nh5 14. f5 Nf4 15. Ne2
Nxg2 16. Kxg2 gxf5 17. Ng3 f4 18. Nf5 Rxf5 19. exf5 e4 20. Qxe4 Bxb2 21. Qe6+
Kh7 22. Qg6+ Kh8 23. Rae1 Qg8 24. Re8 Nf8 25. Nh4 Nxg6 26. Nxg6+ Kh7 27. Rxg8
Kxg8 28. Kf3 Bd7 29. Rd1 Be8 30. Nxf4 Be5 31. Rg1+ Kf7 32. Ne6 c5 33. Ke4 Bxh2
34. Rg7+ Kf6 35. Rh7 Bc6+ 36. Ke3 Kxf5 37. Rxh6 Re8 38. Rxh2 Rxe6+ 39. Kd3 Kf4
40. Rh5 Be4+ 0-1

[Event "ZMDI Open 2014"]
[Site "Dresden GER"]
[Date "2014.08.23"]
[Round "9.53"]
[White "Brendel, Bergit"]
[Black "Herbrig, Thomas"]
[Result "1/2-1/2"]
[WhiteTitle "WFM"]
[WhiteElo "2057"]
[BlackElo "1953"]
[WhiteFideId "4608763"]
[BlackFideId "24668583"]
[EventDate "2014.08.15"]

1. e4 d5 2. exd5 Qxd5 3. Nc3 Qd6 4. d4 Nf6 5. Bc4 a6 6. Nge2 Qc6 7. Qd3 g6 8. d5
Qd7 9. Bf4 Bg7 10. O-O-O O-O 11. h4 b5 12. Bb3 c5 13. dxc6 Qxd3 14. Rxd3 Nxc6
15. Nd5 Ne4 16. Re3 Nxf2 17. Rf1 Ng4 18. Nxe7+ Nxe7 19. Rxe7 Bf6 20. Rc7 Bd8 21.
Rc3 Be6 22. h5 Bxb3 23. Rxb3 Re8 24. Ng1 Rc8 25. Rg3 f5 26. hxg6 hxg6 27. Bd2
Kg7 28. Bc3+ Bf6 29. Bxf6+ Nxf6 30. Rd3 Re6 31. Nh3 Re2 32. Rd2 Rxd2 33. Kxd2
Ne4+ 34. Kc1 Kf6 35. Nf2 Ng3 36. Re1 Rh8 37. Re3 f4 38. Ra3 Ra8 39. c4 bxc4 40.
Ra4 g5 41. Rxc4 Re8 42. Rc6+ Kf5 43. Rc5+ Ke6 44. Rc6+ Kf5 45. Rc5+ 1/2-1/2

[Event "ZMDI Open 2014"]
[Site "Dresden GER"]
[Date "2014.08.23"]
[Round "9.54"]
[White "Nosek, Reinhard"]
[Black "Kuechle, Wolfgang"]
[Result "0-1"]
[WhiteElo "1899"]
[BlackElo "2048"]
[WhiteFideId "4695739"]
[BlackFideId "24628581"]
[EventDate "2014.08.15"]

1. Nf3 d5 2. c4 c6 3. b3 Nf6 4. Bb2 Bg4 5. d3 e6 6. Nbd2 Nbd7 7. h3 Bxf3 8. gxf3
Bd6 9. e4 O-O 10. Rg1 e5 11. Qc2 Qe7 12. Be2 Nh5 13. Nf1 Bb4+ 14. Bc3 d4 15.
Bxb4 Qxb4+ 16. Qd2 a5 17. Bd1 Nf4 18. Bc2 Nxh3 19. Rh1 Nf4 20. O-O-O h5 21. Ng3
g6 22. Rdg1 Kh7 23. Qd1 a4 24. Nxh5 gxh5 25. Rxh5+ Nxh5 26. f4 Ndf6 27. fxe5 Rg8
28. Rh1 Rg5 29. exf6 Kg6 30. f4 Nxf4 31. Qf3 axb3 32. e5 bxc2 33. Qe4+ Rf5 34.
Rg1+ Kh6 35. Rh1+ Nh5 36. Rxh5+ Rxh5 37. Qf4+ Kh7 38. Qe4+ 0-1